000 01031nam a2200301Ia 4500
001 50714
005 20230411090005.0
008 070326s2006 sp b 100 0 spa d
035 _a(OCoLC)ocm86222541
040 _aIDJ
_cIDJ
020 _a8498300436
020 _a9788498300437
035 _a(OCoLC)86222541
090 _aBV2020
_b.E82 2006
049 _aGRAL
245 0 0 _aEvangelización y misión :
_bretos actauales del sueño inacabado de San Francisco Javier /
_cManuel Reus Canals.
260 _aBilbao [Spain] :
_bUniversidad de Deusto,
_c2006.
300 _a206 p. ;
_c22 cm.
440 0 _aSerie Teología ;
_vvol. 35
500 _aContributions made at a meeting organized by the Faculty of Theology of the Universidad de Duesto (Bilbao) in March, 2006.
504 _aIncludes bibliographical references.
650 0 _aEvangelistic work
_vCongresses.
650 0 _aMissions
_vCongresses.
700 1 _aCanals, Manuel Reus.
700 1 _aSchreiter, Robert J.
942 _2lcc
_cbk
994 _aC0
_bDRFGD
999 _c110507
_d110507